000 01232nam a2200313 a 4500
001 ebr10660615
003 CaPaEBR
006 m u
007 cr cn|||||||||
008 130306s2013 gw sb 001 0 eng d
020 _z9783527409020
020 _z9783527655052 (e-book)
040 _aCaPaEBR
_cCaPaEBR
035 _a(OCoLC)828683315
050 1 4 _aQC173.4.A87
_bC56 2013eb
100 1 _aCiobanu, Cristian V.
245 1 0 _aAtomic structure prediction of nanostructures, clusters and surfaces
_h[electronic resource] /
_cCristian V. Ciobanu, Cai-Zhuang Wang, and Kai-Ming Ho.
260 _aWeinheim [German] :
_bWiley,
_c2013.
300 _ax, 194 p.
504 _aIncludes bibliographical references and index.
533 _aElectronic reproduction.
_bPalo Alto, Calif. :
_cebrary,
_d2013.
_nAvailable via World Wide Web.
_nAccess may be limited to ebrary affiliated libraries.
650 0 _aAtomic structure.
650 0 _aNanostructures.
655 7 _aElectronic books.
_2local
700 1 _aWang, Cai-Zhuang.
700 1 _aHo, Kai-Ming.
710 2 _aebrary, Inc.
856 4 0 _uhttp://site.ebrary.com/lib/rucke/Doc?id=10660615
_zAn electronic book accessible through the World Wide Web; click to view
999 _c170851
_d170851